Central Library OPAC University of Rajshahi

The novel and society / (Record no. 62199)

MARC details
000 -LEADER
fixed length control field 00627nam a2200217ua 4500
001 - CONTROL NUMBER
control field 62199
003 - CONTROL NUMBER IDENTIFIER
rucl marc code BD-RjUL
005 - DATE AND TIME OF LATEST TRANSACTION
control field 20211209081044.0
008 - FIXED-LENGTH DATA ELEMENTS--GENERAL INFORMATION
fixed length control field 170123s1966 enk 001 0 eng
035 ## - SYSTEM CONTROL NUMBER
System control number (BD-RjUL) 62324
040 ## - CATALOGING SOURCE
Original cataloging agency BD-RjUL
Transcribing agency BD-RjUL
Language of cataloging eng
041 ## - LANGUAGE CODE
Language code of text/sound track or separate title eng
082 ## - DEWEY DECIMAL CLASSIFICATION NUMBER
Edition number 23
Classification number 823.6
Author mark and year SPN 1966
100 1# - MAIN ENTRY--PERSONAL NAME
Personal name Spearman, Diana
9 (RLIN) 185000
245 14 - TITLE STATEMENT
Title The novel and society /
Statement of responsibility, etc. Diana Spearman.
260 ## - PUBLICATION, DISTRIBUTION, ETC. (IMPRINT)
Place of publication, distribution, etc. London :
Name of publisher, distributor, etc. Routledge & Kegan Paul,
Date of publication, distribution, etc. c1966.
300 ## - PHYSICAL DESCRIPTION
Pagination vi, 256 p. ;
Size 23 cm.
500 ## - GENERAL NOTE
General note Includes Index.
650 #0 - SUBJECT ADDED ENTRY--TOPICAL TERM
Topical term or geographic name as entry element English fiction
Chronological subdivision 18th century
General subdivision History and criticism.
9 (RLIN) 185001
942 ## - ADDED ENTRY ELEMENTS (KOHA)
Source of classification or shelving scheme Dewey Decimal Classification
Koha item type Books
Holdings
Lost status Source of classification or shelving scheme Damaged status Not for loan Collection code Permanent Location Current Location Shelving location Date acquired Source of acquisition Cost, normal purchase price Total Checkouts Full call number Date last seen Copy number Koha item type
  Dewey Decimal Classification   Not For Loan Non-fiction Central Library, University of Rajshahi Central Library, University of Rajshahi Reading Room 18/08/1970 Zeitlinger 40.00   823.6 SPN 1966 23/01/2017 C-1 Books